000 01081naa a22003017a 4500
001 BR7703201
003 BR-BrBNA
005 20240918174000.0
007 ta
008 230509b bl.||||| |||| 00| 0 por d
040 _aBR-BrBNA
_bpor
_cBiblioteca Nacional de Agricultura
041 _a(Pt)
072 _aC00; P20
_b/G514
090 _aC00 BR7703201
100 1 _aSawaya, P.
245 1 _aO sistema educacional relativo a conservacao da natureza na regiao Sudeste e da rede institucional educativa [Brasil]
260 3 _aBrasilia, DF (Brasil):
_c1977.
500 _aEncontros Regionais sobre Conservacao da Fauna e Recursos Faunisticos Brasilia, DF (Brasil): 1977. p. 375-381 (BR7703201-AM)C00
650 _aEducacao
650 _aRecurso da terra
650 _aPrograma educacional
650 _aNatureza
650 _aConservacao
650 _aSudeste
773 0 _tEncontros Regionais sobre Conservacao da Fauna e Recursos Faunisticos
_wC00 BR7703201
_gBrasilia, DF (Brasil), 1977. p. 375-381
909 _a202404
_bLucia
_c55
_dLucia Elande
942 _cAM
_2AGRIS
999 _c308123
_d308123